000 00309nam a2200133Ia 4500
005 20251222154314.0
008 251222s9999||||xx |||||||||||||| ||spa||
020 _a84-376-0866-X
082 _a868.671/M13M
100 _a"Machado, Antonio"
245 0 _aCampos de Castilla
250 _a9a.ed.
942 _cLIB
999 _c33520
_d33520